| 000 | 00382nam a22001577a 4500 | ||
|---|---|---|---|
| 003 | macl | ||
| 005 | 20200225160116.0 | ||
| 008 | 200225b xxu||||| |||| 00| 0 eng d | ||
| 040 | _cmacl | ||
| 100 |
_aChand Sumer _978456 |
||
| 245 | _aBharat that is India | ||
| 260 |
_anew delhi _bBooks india _c2015 |
||
| 600 |
_asumer chand _978457 |
||
| 650 |
_afiction _978458 |
||
| 942 |
_2ddc _cBK |
||
| 999 |
_c62245 _d62245 |
||